| 000 | 00806nam a2200205 i 4500 | ||
|---|---|---|---|
| 001 | 21074 | ||
| 003 | ES-MaACL | ||
| 005 | 20250730063048.0 | ||
| 007 | t| | ||
| 008 | 021121s1877 sp |||| | spa d | ||
| 100 | 1 |
_aAcuña, Rosario de, _d1851-1923 _eaut _918341 |
|
| 245 | 1 | 0 |
_aAmor a la patria : _bdrama trágico en un acto y en verso / _coriginal de la Sra. D.ª Rosario de Acuña de Laiglesia. |
| 260 |
_aMadrid : _b[s.n., _c1877] _f(Imp. de José Rodríguez) |
||
| 300 |
_a34 p. ; _c20 cm. |
||
| 530 | _aDisponible en formato digital. | ||
| 852 |
_aES-MaACL _j1781-F-10 _9 21814 _cDEPOF _zRevisado enlace: 08 de Abril de 2025 |
||
| 856 |
_uhttps://bdh-rd.bne.es/viewer.vm?id=0000202928&page=1 _yVersión en línea _z(Biblioteca Digital Hispánica) |
||
| 942 | _2udc | ||
| 999 |
_c21074 _d21074 |
||